000 00457nam a2200181Ia 4500
001 3531
005 20260306145650.0
008 260306t2005||||xx |||||||||||||| ||spa||
041 _aESP
082 _a288
_bC261
100 _aCobin, John M.
_eAUT
245 0 _aBiblia y gobierno:
_bpolítica pública desde una perspectiva cristiana
260 _c2005
300 _a193 páginas :
_c21cm.
650 _aGEN
654 _aCHU
942 _cLIB
_dJUS
_fJUS
_2ddc
_n
999 _c3531
_d3531